000 00830nam a2200241Ia 4500
003 OSt
005 20221005113422.0
006 a|||||r|||| 00| 0
007 ta
008 221004b |||||||| |||| 00| 0 pan d
020 _c200
024 _a12358
037 _b823, 13/03/2014, H.K. Prakashan
_cTextual
040 _aCRL
_cCRL
_bpan
041 _2pan
_apan
082 _aX:3M24, 153P4```
100 _aਟਿਵਾਣਾ, ਗੁਰਮੀਤ ਸਿੰਘ
245 0 _aਧਰਮ ਬਨਾਮ ਮਾਰਕਸਵਾਦ
260 _aਲੁਧਿਆਣਾ
_bਚੇਤਨਾ ਪ੍ਰਕਾFਨ ਭਾਰਤ
_c2004
300 _a229ਪੰ
_ccm.
942 _hX:3M24, 153P4```
_cTEXL
_2cc
999 _c1028117
_d1028117